Statistics for Largest European Country not Bordering previously listed ones

Click here to take the quiz!

General Stats

  • This quiz has been taken 132 times
  • The average score is 10 of 16

Answer Stats

RANKCOUNTRY% Correct
1Fra{nce}
100%
2Uk{raine}
100%
3S{weden}
93%
4United Kingdom
79%
5Greece
73%
7Portugal
53%
6Iceland
52%
16Vatican City
49%
15San Marino
48%
8Serbia
47%
9Austria
47%
12Denmark
45%
11Estonia
43%
14Malta
43%
10Lithuania
42%
13Netherlands
39%

Score Distribution

Percentile by Number Answered

Percent of People with Each Score

Your Score History

You have not taken this quiz